00400nam a22001337a 4500020001800000082001200018100001500030245003100045260002800076650001600104942000700120999001500127952012400142 a9788184870633 a510 KUM aKumar Arun aMathematics for biologists aNew DelhibNarosac2011 amathematics cBK c1896d1896 0010708NFICaMLCampusbMLCampuscGENd2015-08-21l2o510 KUMp006869r2022-11-17 00:00:00s2016-07-21w2015-08-21yBK